000 00341nam a2200121Ia 4500
008 190722s9999 xx 000 0 und d
020 _a978-93-392-0538-6
100 _aHisrich, Manimala, Peters, Shepherd
245 0 _aEntreprenuership
260 _aNew Delhi
_bMcGraw Hill Education (India) Private Limited
_c2015
300 _a696
942 _cBK
999 _c646
_d646